000 00783 a2200205 4500
003 Nust
005 20170207154020.0
020 _a0-7506-5778-2
035 _a(Uk)0750657782
040 _cNust
082 0 4 _a621.3
100 1 _aBird, John
245 1 0 _aElectrical and electronic principles and technology (E-Book)
_cJohn Bird
250 _a2. ed.
260 _aOxford :
_bNewnes,
_c2003
300 _ax, 382 s. :
_bill. ;
_c25 cm
505 _aThe Transmission and Distribution System - Conductor Supports - Insulators and Conductors - Line Equipment - Overhead Construction - Underground Construction - Service Factors - Substations - Distribution - Circuits, Cogeneration and Distributed Generation - Essentials of Electricity
650 0 _aElectric engineering
651 _aE-Book
942 _2ddc
_cBK
999 _c191656
_d191656